ბათუმის შოთა რუსთაველის სახელმწიფო უნივერსიტეტის ბიბლიოთეკა

Основы линейной алгебры и некоторые ее приложения (ბიბ.ჩანაწერი № 48068)

000 -LEADER
fixed length control field 00628nam a2200193Ia 4500
001 - CONTROL NUMBER
control field 14948
003 - CONTROL NUMBER IDENTIFIER
control field GE_BSU
008 - FIXED-LENGTH DATA ELEMENTS--GENERAL INFORMATION
fixed length control field 181216s||||||||xx |||||||||||||| ||und||
040 ## - CATALOGING SOURCE
Transcribing agency GE_BSU
080 ## - UNIVERSAL DECIMAL CLASSIFICATION NUMBER
Universal Decimal Classification number 512.64
100 ## - MAIN ENTRY--PERSONAL NAME
Personal name Блох,Э.Л. Лошинский,П.И. Турин.В.Я.
245 ## - TITLE STATEMENT
Title Основы линейной алгебры и некоторые ее приложения
260 ## - PUBLICATION, DISTRIBUTION, ETC.
Place of publication, distribution, etc. Москва
260 ## - PUBLICATION, DISTRIBUTION, ETC.
Name of publisher, distributor, etc. Высшая школа
260 ## - PUBLICATION, DISTRIBUTION, ETC.
Date of publication, distribution, etc. 1971
300 ## - PHYSICAL DESCRIPTION
Extent 253стр.20см.
653 ## - INDEX TERM--UNCONTROLLED
Uncontrolled term Основы линейной алгебры и некоторые ее приложения
942 ## - ADDED ENTRY ELEMENTS (KOHA)
Koha item type წიგნი
ეგზემპლარები
Withdrawn status Lost status Damaged status Not for loan Date acquired Barcode Date last seen Price effective from Koha item type
        2018-12-17 16881 2018-12-17 2018-12-17 წიგნი
        2018-12-17 16991 2018-12-17 2018-12-17 წიგნი
        2018-12-17 16963 2018-12-17 2018-12-17 წიგნი